000 00677cam a22002057a 4500
020 _a4894444542 (pbk.)
020 _a9784894444546 (pbk.)
040 _cUKM
082 0 4 _a745 TOY 2005 A088 Or.
245 0 0 _a1 & 2 color design collection 1 :
_beffective design using only 1 or 2 colors /
246 3 _aOne and two color design collection 1
246 1 _a1 & 2-shoku dezain korekushon
260 _aTokyo :
_bPIE Books,
_cc2005.
300 _a216 p. :
_bill. (some col.) ;
_c30 cm.
500 _aPreviously published in hardcover ed. as: 1 & 2 color graphics.
650 0 _aCommercial art
650 0 _aColor in advertising.
700 1 _aNakazawa, Tomoe.
942 _cEK
999 _c14953
_d14953